Java. (Record no. 6593)

MARC details
000 -LEADER
fixed length control field 01930cam a22001937a 4500
020 ## - INTERNATIONAL STANDARD BOOK NUMBER
ISBN 0072230738 (pbk.)
022 ## - INTERNATIONAL STANDARD SERIAL NUMBER
ISSN 9780072230734
050 00 - CALL NUMBER
Classification number QA76.73.J38
Item number .Sc1
100 1# - AUTHOR
Personal name Schildt, Herbert.
245 10 - TITLE
Title Java.
Statement of responsibility, etc Herbert Schildt.
Remainder of title the complete reference, J2SE 5 edition
250 ## - EDITION
Edition statement J2SE 5 ed.
260 ## - PUBLICATION INFORMATION
Place of publication New York :
Name of publisher McGraw-Hill/Osborne,
Year of publication c2005.
300 ## - DESCRIPTION
Number of Pages xxx, 1000 p. :
Other physical details ill. ;
Dimensions 23 cm.
500 ## - NOTES
General note Includes index.
505 0# - FORMATTED CONTENTS NOTE
Table of Content Part I: The Java Language<br/>Chapter 1: The History and Evolution of Java<br/>Chapter 2: An Overview of Java<br/>Chapter 3: Data Types, Variables, and Arrays<br/>Chapter 4: Operators Chapter 5: Control Statements <br/>Chapter 6: Introducing Classes<br/>Chapter 7: A Closer Look at Methods and Classes <br/>Chapter 8: Inheritance <br/>Chapter 9: Packages and Interfaces <br/>Chapter 10: Exception Handling <br/>Chapter 11: Multithreaded Programming<br/>Chapter 12: Enumerations, Autoboxing, and Metadata (Annotations)<br/>Chapter 13: I/O, Applets, and Other Topics <br/>Chapter 14: Generics <br/>Part II: The Java Library<br/>Chapter 15: String Handling <br/>Chapter 16: Exploring java.lang <br/>Chapter 17: java.util Part 1: The Collections Framework <br/>Chapter 18: java.util Part 2: More Utility Classes <br/>Chapter 19: Input/Output: Exploring java.io <br/>Chapter 20: Networking<br/>Chapter 21: The Applet Class C<br/>Chapter 22: Event Handling <br/>Chapter 23: Introducing the AWT: Working with Windows,Graphics, and Text <br/>Chapter 24: Using AWT Controls, Layout Managers, and Menus<br/>Chapter 25: Images <br/>Chapter 26: The Concurrency Utilities<br/>Chapter 27: NIO, Regular Expressions, and Other Packages<br/>Part III: Software Development Using Java<br/>Chapter 28: Java Beans <br/>Chapter 29: A Tour of Swing <br/>Chapter 30: Servlets <br/>Part IV: Applying Java<br/>Chapter 31: Financial Applets and Servlets<br/>Chapter 32: Creating a Download Manager in Java
650 #0 - SUBJECTS
Topical Term Java (Computer program language)
650 #0 - SUBJECTS
Topical Term Internet programming.
942 ## - ADDED ENTRY ELEMENTS (KOHA)
Koha item type Books
Holdings
Withdrawn status Lost status Collection code Home library Current library Shelving location Date acquired Full call number Accession Number Koha item type
    Reference Methodist University Library Main Methodist University Library Main General Stacks 29/10/2019 QA76.73.J38 .Sc1 38246 Books
Copyright © 2026  MUG Library